Normal view
MARC view
- Ahmed Umar Rafiq
Entry Personal Name
001 - CONTROL NUMBER
- control field: 72661
003 - CONTROL NUMBER IDENTIFIER
- control field: NUST
005 - DATE AND TIME OF LATEST TRANSACTION
- control field: 20210628204851.0
008 - FIXED-LENGTH DATA ELEMENTS
- fixed length control field: 210628|| aca||aabn | a|a d
040 ## - CATALOGING SOURCE
- Original cataloging agency: NUST
- Transcribing agency: NUST
100 ## - HEADING--PERSONAL NAME
- Personal name: Ahmed Umar Rafiq
670 ## - SOURCE DATA FOUND
- Source citation: Work cat.: (NUST): Ahmed Umar Rafiq, TH-SOF-0815-A STUDY TO EXPLORE THE FACTORS INVOLVED IN FAILURE OF IT PROJECTS IN PAKISTAN, 2010
